Регионална библиотека "Любен Каравелов" - Русе

Шест бона кеш (Запис номер 97061)

MARC детайли
000 -Лидер
Контролно поле с фиксирана дължина 01222nam a2200313 c 4500
003 - Код на организацията, давaща контролен номер
Контролно поле BLK
005 - Дата и час на последна редакция
Контролно поле 20240613113432.0
008 - Елементи от данни с фиксирана дължина
fixed length control field 180409b bul|||||r ||||||| ||bul||
010 ## - Наследен системен номер
LC control number KNG00101968000
020 ## - Международен стандартен номер на книга ISBN
Международен стандартен номер на книга ISBN 954-733-262-7
-- издат.: Прозорец
040 ## - Източник на каталожния запис
Идентификатор на билиотеката - собственик на записа BLK
041 ## - Код за език
Код за езика на текст/звукозапис или на отделно заглавие Български
Код за езика КДБФ Български
080 ## - УДК
Текстов определител УДК Американска литература (на САЩ)
УДК код - определител по УДК 821.111(73)
УДК определител -311.6
УДК - код + определител 821.111(73)-311.6
100 1# - Редна дума - Автор
Автор Елрой, Джеймс
Авторска отговорност първи автор
R(LIN) 67068
139 ## - Редно поле
Редна дума Елрой, Джеймс
Авторски знак Елн - Е 55
245 10 - Сведения за заглавието
Заглавие Шест бона кеш
Подзаглавни данни Роман
Редно поле (дума) Джеймс Елрой; прев. от англ. Светлозар Борисов Николов.
257 ## - Страна на издаване
Страна на създаване/издаване Съединени американски щати
260 ## - Област на издателските данни
-- София
Име на издателя, разпространителя и проч. Прозорец
Година на издаване 2002
Печатница София : Инвестпрес
300 ## - Физическа характеристика
Страници 791 с.
Размери/Мащаб 20 см
380 ## - Жанр
Жанр Худож. лит.
500 ## - Общи забележки
Забележка Ориг. загл. The colld six thousand / James Ellroy.
700 1# - Други автори (авторска отговорност)
Лично име Николов, Светлозар Борисов
Автороска отговорност (Описва отношението между автора и произведението) прев. от англ.
9 (RLIN) 364103
852 ## - Местоположение
Форматна сигнатура Цб 211923
856 4# - Електронен адрес и достъп
Електронен формат pdf - файл
Път до файла /url/
856 4# - Електронен адрес и достъп
Електронен формат pdf - файл
Път до файла /url/
942 ## - АРТИКУЛИ
Вид на библиотечния материал Книги
Скрит в OPAC Не
Koha issues (borrowed), all copies 2
944 ## - СЪЗДАВАНЕ И РЕДАКЦИЯ на ЗАПИСА
Създаване/Редакция Създаване
Дата на регистрацията/редакция 01.01.2002
Служител, извършил регистрацията/редакцията 30576
Статус, дата на статуса Цветомила Тодорова
944 ## - СЪЗДАВАНЕ И РЕДАКЦИЯ на ЗАПИСА
Създаване/Редакция Редакция
Дата на регистрацията/редакция 14.07.2003
Служител, извършил регистрацията/редакцията
999 ## - СИСТЕМНИ КОНТРОЛНИ НОМЕРА
Koha biblionumber 97061
Koha biblioitemnumber 97061
Наличности
Код за отписване Код за изгубен артикул Код за повреда Коз за рестрикции Код за отдаване Артикулен № Име на библиотеката - собственик Име на библиотеката, в която се намира в момента Статус (Текущо местоположение) Дата на вписване в системата Местоположение - отдел Цена в лева Инвентарен номер Систематично азбучна сигнатура Баркод Номер на екземпляра Цена в евро Служебна бележка Служебен тип на артикула
  Не е изгубен Не е повреден без рестрикции заемане за дома 155759 Регионална библиотека "Любен Каравелов" Русе Регионална библиотека "Любен Каравелов" Русе Заемна - подръчен фонд 2002-06-18 Заемна - подръчен фонд 12.00 120000670680 П 820(73)-31/Е 55 120000670680 1 6.14 Дост: Pk Вид: Ф N: 24 Дата: 18.06.2002 Дата инв: 14.02.2018 Бележки инв: П2018 Книги
  Не е изгубен Не е повреден без рестрикции ползва се в читалня 155760 Регионална библиотека "Любен Каравелов" Русе Регионална библиотека "Любен Каравелов" Русе Хранилище 2003-07-14 Хранилище 12.00 120000677564 Цб 211923 120000677564 2 6.14 Дост: Dp Вид: Д N: 31 Дата: 24.07.2002 Книги
Vip Innovations Ltd, Rousse, Bulgaria 2025